Statistics for Cryptic Capitals #2

Click here to take the quiz!

General Stats

  • This quiz has been taken 24 times
  • The average score is 7 of 27

Answer Stats

HintAnswer% Correct
My father is in a bagBaghdad
68%
Daughter of ZeusAthens
59%
He ranTehran
59%
Grand Prix race trackMonaco
50%
A maleAmman
45%
Grow a moustache when you move to KentTashkent
41%
Queen of LondonVictoria
41%
You can't sink any lower than hellHelsinki
36%
Free (play)Rome
32%
Patron saint of EnglandSt. George's
32%
Land of sexual innuendosBangkok
27%
LesbianLisbon
27%
Apostle of the bibleSt. John's
27%
Tell 'emTallinn
27%
Fire riskBern
23%
UnspoiltPristina
18%
RallyDakar
14%
SailorRiga
14%
There's a monkey in this spotApia
9%
HerbDili
9%
Chicken kebabKiev
9%
Go on. Ask about itAshgabat
5%
Banned allBanjul
5%
Baby's bedKotte
5%
Miss youNassau
5%
Boys nameDouglas
0%
Southern English townPlymouth
0%

Score Distribution

Percentile by Number Answered

Percent of People with Each Score

Your Score History

You have not taken this quiz